environmental studies (Record no. 5561)

MARC details
000 -LEADER
fixed length control field 00290nam a2200121Ia 4500
008 - FIXED-LENGTH DATA ELEMENTS--GENERAL INFORMATION
fixed length control field 150201s2009 xx 000 0 und d
082 ## - DEWEY DECIMAL CLASSIFICATION NUMBER
Classification number 363.7
Item number BAS
100 ## - MAIN ENTRY--PERSONAL NAME
Personal name Basak,Anindita
245 ## - TITLE STATEMENT
Title environmental studies
260 ## - PUBLICATION, DISTRIBUTION, ETC. (IMPRINT)
Name of publisher, distributor, etc. Pearson
Place of publication, distribution, etc. N.Delhi
Date of publication, distribution, etc. 2009
300 ## - PHYSICAL DESCRIPTION
Extent 301p.
942 ## - ADDED ENTRY ELEMENTS (KOHA)
Source of classification or shelving scheme Dewey Decimal Classification
Koha item type Books
Koha issues (borrowed), all copies 3
Holdings
Withdrawn status Lost status Source of classification or shelving scheme Damaged status Not for loan Home library Current library Date acquired SGTU Total Checkouts Total Renewals Full call number Barcode Date last seen Date last checked out Bill Date Koha item type Collection code Shelving location Cost, normal purchase price
    Dewey Decimal Classification     SGT Engineering Library SGT Engineering Library 31/05/2013 SGTU 17 1 363.7 BAS FE5889 22/11/2023 21/11/2023 09/02/2015 Books      
    Dewey Decimal Classification     SGT Engineering Library SGT Engineering Library 31/05/2013 SGTU 9 4 363.7 BAS FE5890 05/02/2024 31/01/2024 09/02/2015 Books      
    Dewey Decimal Classification     SGT Engineering Library SGT Engineering Library 31/05/2013 SGTU 13 1 363.7 BAS FE5891 07/12/2020 28/02/2020 09/02/2015 Books      
    Dewey Decimal Classification     SGT Engineering Library SGT Engineering Library 31/05/2013 SGTU 8 2 363.7 BAS FE5892 21/08/2024 07/08/2024 09/02/2015 Books      
    Dewey Decimal Classification     SGT Engineering Library SGT Engineering Library 31/05/2013 SGTU 8   363.7 BAS FE5893 05/01/2021 10/12/2020 09/02/2015 Books ENGINEERING Text Book 325.00